000 00282pab a2200121 454500
008 180718b xxu||||| |||| 00| 0 eng d
100 _aArora, S.C.
245 _aRole of governors - the Punjab paradigm
650 _a Punjab
650 _aGovernor
773 _aTribune
909 _a22647
999 _c22647
_d22647